000 01680 a2200241 4500
001 11342
003 IN-BhIIT
005 20260105170420.0
008 251224b |||||||| |||| 00| 0 eng d
020 _a9781107405820 (pbk.)
040 _aIN-BhIIT
041 _aeng
082 _a512.723
_bMON/M
100 _a Montgomery, Hugh L.
_eAuthor
_97581
245 _aMultiplicative number theory I:
_bclassical theory /
_cHugh L. Montgomery and Robert C. Vaughan
260 _aNew Delhi :
_bcambridge university press,
_c2012.
300 _axvii, 552p. :
_biil. ;
_c20 cm.
504 _aIncludes bibliographies and index.
520 _aPrime numbers are the multiplicative building blocks of natural numbers. Understanding their overall influence and especially their distribution gives rise to central questions in mathematics and physics. In particular their finer distribution is closely connected with the Riemann hypothesis, the most important unsolved problem in the mathematical world. Assuming only subjects covered in a standard degree in mathematics, the authors comprehensively cover all the topics met in first courses on multiplicative number theory and the distribution of prime numbers. They bring their extensive and distinguished research expertise to bear in preparing the student for intelligent reading of the more advanced research literature. This 2006 text, which is based on courses taught successfully over many years at Michigan, Imperial College and Pennsylvania State, is enriched by comprehensive historical notes and references as well as over 500 exercises.
650 _anumber theory
700 _a Vaughan,Robert C.
_eAuthor
_926878
942 _cTRB
999 _c15202
_d15202